| Поле | Инд. | ПП | Название | Значение |
|---|---|---|---|---|
| Тип записи | a | |||
| Библиографический уровень | m | |||
| 001 | Контрольный номер | ac0a4787-aefd-49b0-9c19-ff7f41eb25f5 | ||
| 005 | Дата корректировки | 20131112095352.7 | ||
| 008 | Кодируемые данные | 030424 | ||
| 040 | a | Служба первич. каталог. | НБ ТвГУ | |
| 041 | a | Код языка текста | ger | |
| 080 | a | Индекс УДК | 59 | |
| 084 | a | Индекс другой классификации/Индекс ББК | Е6 | |
| 090 | x | Авторский знак | G44 | |
| a | Полочн. индекс | 59 | ||
| 100 | 1_ | a | Автор | Giebel C. G. |
| 245 | 10 | a | Заглавие | Die drei Reiche der Natur |
| n | Номер части/ раздела | Abth. 1 | ||
| p | Название части/ раздела | Die Naturgeschichte des Thierreichs. Bd. 3: Amphibien und Fische | ||
| b | Продолж. заглавия | In drei Abtheilungen | ||
| c | Ответственность | Von Dr. C. G. Giebel | ||
| 245 | n | Номер части/ раздела | Bd. 3: Amphibien und Fische | |
| 260 | 0_ | a | Место издания | Leipzig |
| b | Издательство | Verlag von Otto Wigand | ||
| c | Дата издания | 1861 | ||
| 300 | a | Объем | XXI,[1],408 S. | |
| b | Иллюстрации/ тип воспроизводства | Ill. | ||
| 583 | k | Исполнитель действия | Тверская мужская классическая гимназия | |
| 650 | a | Основная рубрика | Зоология | |
| 650 | a | Основная рубрика | Животные | |
| 650 | a | Основная рубрика | Земноводные | |
| 650 | a | Основная рубрика | Рыбы | |
| 653 | a | Ключевые слова | Животные | |
| a | Ключевые слова | Филогенез животных | ||
| a | Ключевые слова | Эволюция животных | ||
| a | Ключевые слова | Амфибии | ||
| a | Ключевые слова | Земноводные | ||
| a | Ключевые слова | Рыбы | ||
| 852 | t | Порядковый номер экземпляра | 1 | |
| p | Инвентарный номер | 114796 | ||
| 930 | a | Новая/Ретро | нем | |
| a | Новая/Ретро | иностр | ||
| 954 | a | Дата поступления на обработку | 20030507 | |
| 999 | a | Подразделение 2 | ОРК |